000 00512nam a2200205Ia 4500
999 _c38251
_d38251
003 OSt
005 20210305105209.0
008 160316s1999 xxu||||| |||| 00| 0 eng d
020 _a9781577314806
040 _cn
082 _a291.400000
_bTOL
100 _aTolle Eckhart
245 _aThe power of now : A guide to spiritual enlightenment
260 _aNovato
_bNew World Library
_c1999
300 _a193p
_cxiii
365 _b Gratis
650 _a1. Spiritual Life
700 _a
_a
942 _2ddc
_cBK